Estuaries and coasts : journal of the Estuarine Research Federation.

Bibliographic Details
Previous Title:Estuaries
Corporate Author: Estuarine Research Federation
Format: Journal
Language:English
Published: Port Republic, Md. : Estuarine Research Federation, [2006-]
Subjects:
Online Availability: Check for online availability

MARC

Tag First Indicator Second Indicator Subfields
LEADER 00000cas a2200000 a 4500
001 in00002109821
005 20151103050536.0
008 060216c20069999mdubr p 0 0eng c
010 |a  2005214337 
022 0 |a 1559-2723  |9 1559-2731 
035 |a (OCoLC)ocm62594523 
037 |b Estuarine Research Federation, P.O. Box 1897, Lawrence, KS 66044-8897  |c $470.00  |c $490 (foreign) 
040 |a NSD  |c NSD  |d GUA  |d AGL  |d CDS  |d WAU  |d TXA  |d UtOrBLW 
042 |a lcd 
049 |a TXAM 
050 1 0 |a ISSN RECORD 
050 1 4 |a S932.C47  |b E85 
070 0 |a GC96  |b .E79 
072 0 |a P200 
072 0 |a X300 
090 |a S932.M3  |b C45 
245 0 0 |a Estuaries and coasts :  |b journal of the Estuarine Research Federation. 
263 |a 0602 
264 1 |a Port Republic, Md. :  |b Estuarine Research Federation,  |c [2006-] 
264 4 |c ©2006- 
300 |a volumes :  |b illustrations ;  |c 28 cm. 
310 |a Bimonthly 
336 |a text  |b txt  |2 rdacontent 
337 |a unmediated  |b n  |2 rdamedia 
338 |a volume  |b nc  |2 rdacarrier 
362 0 |a Vol. 29, no. 1 (Feb. 2006)- 
500 |a Title from cover. 
530 |a Also issued online. 
650 0 |a Estuarine biology  |v Periodicals. 
650 0 |a Estuaries  |v Periodicals. 
710 2 |a Estuarine Research Federation. 
776 1 |t Estuaries and coasts (Online)  |x 1559-2731  |w (DLC) 2005214338  |w (OCoLC)62594659 
780 0 0 |t Estuaries  |x 0160-8347  |w (DLC) 78643569  |w (OCoLC)3703760 
891 2 0 |9 853  |8 1  |a v.  |b no.  |u 6  |v r  |i (year)  |j (month)  |w b  |x 02 
891 4 0 |9 863  |8 1.1  |a 29  |b 1  |i 2006  |j 02 
850 |a DNAL 
994 |a C0  |b TXA 
999 |a MARS 
999 f f |s 6dd63bcd-17be-3f03-8e7b-bd634b96d0ad  |i 4a080f7f-947d-3b70-9be7-f68ca06d6052  |t 0 
952 f f |p storage  |a Texas A&M University  |b J.J. Pickle Campus  |c High Density Repository  |d Remote Storage  |t 0  |e S932.M3 C45  |h Library of Congress classification  |i unmediated -- volume  |k v.30:no.1-2  |l 2007:Feb.-Apr.  |m A14836399484 
952 f f |p storage  |a Texas A&M University  |b J.J. Pickle Campus  |c High Density Repository  |d Remote Storage  |t 0  |e S932.M3 C45  |h Library of Congress classification  |i unmediated -- volume  |k v.29:no.5  |l 2006:Oct.  |m A14835860505 
952 f f |p storage  |a Texas A&M University  |b J.J. Pickle Campus  |c High Density Repository  |d Remote Storage  |t 0  |e S932.M3 C45  |h Library of Congress classification  |i unmediated -- volume  |k v.30:no.5-6  |l 2007:Oct.-Dec.  |m A14837288636 
952 f f |p storage  |a Texas A&M University  |b J.J. Pickle Campus  |c High Density Repository  |d Remote Storage  |t 0  |e S932.M3 C45  |h Library of Congress classification  |i unmediated -- volume  |k v.29:no.6  |l 2006:Dec.  |m A14835860466 
952 f f |p storage  |a Texas A&M University  |b J.J. Pickle Campus  |c High Density Repository  |d Remote Storage  |t 0  |e S932.M3 C45  |h Library of Congress classification  |i unmediated -- volume  |k v.31:no.3-4  |l 2008:July-Sept.  |m A14834753666 
952 f f |p storage  |a Texas A&M University  |b J.J. Pickle Campus  |c High Density Repository  |d Remote Storage  |t 0  |e S932.M3 C45  |h Library of Congress classification  |i unmediated -- volume  |k v.29:no.1-2  |l 2006:Feb.-Apr.  |m A14834660538 
952 f f |p storage  |a Texas A&M University  |b J.J. Pickle Campus  |c High Density Repository  |d Remote Storage  |t 0  |e S932.M3 C45  |h Library of Congress classification  |i unmediated -- volume  |k v.30:no.3-4  |l 2007:June-Aug.  |m A14836403615 
952 f f |p storage  |a Texas A&M University  |b J.J. Pickle Campus  |c High Density Repository  |d Remote Storage  |t 0  |e S932.M3 C45  |h Library of Congress classification  |i unmediated -- volume  |k v.29:no.3-4  |l 2006:June-Aug.  |m A14835860547 
952 f f |p storage  |a Texas A&M University  |b J.J. Pickle Campus  |c High Density Repository  |d Remote Storage  |t 0  |e S932.M3 C45  |h Library of Congress classification  |i unmediated -- volume  |k v.31:no.5-6  |l 2008:Nov.-Dec.  |m A14834783750 
952 f f |p storage  |a Texas A&M University  |b J.J. Pickle Campus  |c High Density Repository  |d Remote Storage  |t 0  |e S932.M3 C45  |h Library of Congress classification  |i unmediated -- volume  |k v.31:no.1-2  |l 2008:Feb.-April  |m A14837122238 
998 f f |a S932.M3 C45  |s v.29-31 (2006-2008)  |t 0  |l Remote Storage